Представление документа в формате MARC21

Поле Инд. ПП Название Значение
Тип записи a
Библиографический уровень m
001 Контрольный номер RU/IS/BASE/129224727
005 Дата корректировки 20220804104756.7
040 b Код языка каталог. rus
041 0_ a Код языка текста rus
080 00 a Индекс УДК 004.42
084 a Индекс другой классификации/Индекс ББК 32.973.26-018.2
090 00 a Полочн. индекс 681.3
x Авторский знак Б16
097 b Оператор 11
100 10 a Автор Баженова И. Ю.
245 00 a Заглавие Visual FoxPro 3.0
260 00 a Место издания М.
b Издательство Диалог-Мифи
c Дата издания 1996
300 00 a Объем 286 с.
510 0_ a Примечание о ссылках Книги и методические пособия
650 04 a Основная рубрика 50.41 Программное обеспечение вычислительных машин, комплексов и сетей
x Основная подрубрика 50.41.25 Прикладное программное обеспечение
653 00 a Ключевые слова Visual FoxPro; базы данных; программирование
901 t Тип документа m